000 00882nam a22002417a 4500
999 _c16832
_d16832
003 AR-CdUCM
008 190506b ||||| |||| 00| 0 spa d
040 _aMUNICIPALIDAD PROVINCIAL DEL CUSCO
_cBIBLIOTECA MUNICIPAL DEL CUSCO
041 _heng
082 _a301.19 /
_bY76
100 _aYoung, Kimball
_936523
245 _aPsicología social /
260 _aBuenos Aires :
_bEdit. Paidós,
_c1963.
300 _a637 páginas ;
_c23 cm.
440 _aBiblioteca de Psicología social y sociología
_936524
505 _aContenido: Algunas relaciones fundamentales de la personalidad con la sociedad y la cultura -- Algunos aspectos de los conflictos humanos...
650 _apsicología social
_94539
650 _aCiencias sociales
_91096
650 _aSociología
_9276
700 _aVerón, Eliseo (traductor)
_936525
942 _2ddc
_cLIBROS
945 _adavv
_d06/05/2019